000 02265cam a2200313 i 4500
001 17434357
005 20251229093713.0
008 120817s2013 nyu b 001 0 eng
010 _a 2012032444
020 _a9780814758908
020 _a9780814758915
035 _a17434357
082 0 0 _a907.2 NAD
245 0 0 _aMaking women's histories :
_bbeyond national perspectives /
_cedited by Pamela S. Nadell and Kate Haulman.
264 1 _aNew York :
_bNew York University Press,
_c2013.
300 _ax, 278 p. ;
_c25 cm
338 _avolume
_2rdacarrier
505 0 _aWriting Women's History across Time and Space : Introduction / Pamela S. Nadell and Kate Haulman -- [part 1]. Imagining New Histories : Late-Twentieth-Century Trajectories -- Women's Past and the Currents of U.S. History / Kathy Peiss -- New Directions in Russian and Soviet Women's History / Barbara Alpern Engel -- Africa : Using Women and Gender to Put the Political in Economy, 1992-2010 / Claire Robertson -- Sexual Crises, Women's History, and the History of Sexuality in Europe / Anna Clark -- [part 2]. Engendering National and Nationalist Projects -- Gender and the Politics of Exceptionalism in the Writing of British Women's History / Arianne Chernock -- Amateur Historians, the "Woman Question," and the Production of Modern History in Turn-of-the-Twentieth-Century Egypt / Lisa Pollard -- Women's and Gender History in Modern India : Researching the Past, Reflecting on the Present / Mytheli Sreenivas -- [part 3]. Exploring Transnational Approaches -- World History Meets History of Masculinity in Latin American Studies / Ulrike Strasser and Heidi Tinsman -- Connecting histories of Gender, Health, and U.S.-China Relations / Cristina Zaccarini -- A Happier Marriage? Feminist History Takes the Transnational Turn / Jocelyn Olcott.
650 0 _aWomen
_xHistoriography.
650 0 _aSex role
_xHistoriography.
650 0 _aWorld history
_xHistoriography.
650 0 _aHistoriography
_xSocial aspects.
650 0 _aHistoriography
_xPolitical aspects.
650 0 _aWomen historians.
700 1 _aNadell, Pamela Susan.
700 1 _aHaulman, Kate.
856 _uhttps://library.oapen.org/handle/20.500.12657/89449
_zClick here to access e-book
942 _2ddc
_cBK
999 _c41740
_d41740